000
003290000a22001450004500
003
MACL
040
_a
MACL
090
_c
45214
_d
45212
100
_a
Agarwal, Amit M
245
_a
Objective Approach To Mathematics Vol-2
260
_b
Arihant Prakashan,Meerut
350
_a
395
650
_a
Mathematics
942
_c
BOOK
_k
510/AGA
999
_c
44751
_d
44751